Revista de derecho privado y comunitario 2014 - 3 : uniones convivenciales /
Guardado en:
| Formato: | Libro |
|---|---|
| Idioma: | Spanish |
| Publicado: |
Santa Fe :
Rubinzal - Culzoni,
2014.
|
| Edición: | 1a. ed. |
| Materias: | |
| Etiquetas: |
Agregar Etiqueta
Sin Etiquetas, Sea el primero en etiquetar este registro!
|
| LEADER | 00688nam a22002055a 4500 | ||
|---|---|---|---|
| 001 | DER.der013100 | ||
| 008 | 180615s2014####ag#||||||||||||||#||spa|| | ||
| 005 | 20231222134923.0 | ||
| 245 | 1 | 0 | |a Revista de derecho privado y comunitario 2014 - 3 : |b uniones convivenciales / |c Héctor Alegría. |
| 250 | |a 1a. ed. | ||
| 260 | |a Santa Fe : |b Rubinzal - Culzoni, |c 2014. | ||
| 300 | |a 843 p. | ||
| 020 | |a 9789873001178 | ||
| 700 | 1 | |a Alegría, Héctor, |e dir. | |
| 700 | 1 | |a Mosset Iturraspe, Jorge, |e dir. | |
| 650 | 7 | |a FAMILIAS ENSAMBLADAS | |
| 650 | 7 | |a EFECTOS PATRIMONIALES DEL CESE DE LA UNION | |
| 650 | 7 | |a UNIONES DE HECHO | |
| 650 | 7 | |a DERECHO ALIMENTARIO | |
| 859 | |a DERECHO |b BIB. DERECHO |h 346 |i REV |p 006807 | ||
